EINFLUß DES GETREIDEMEHLTAUPILZES ERYSIPHE GRAMINIS DC. AUF DIE TROCKENSUBSTANZMENGE UND AUF DAS WACHSTUM DER VEGETATIVEN PFLANZENORGANE

Bibliographic Details
Main Author: Paulech, Cyprián, 1929- (Author)
Format: Article
Language:German

MARC

LEADER 00000nab a2200000uu 4500
001 vtls011442107
003 SK-MaSNL
005 20260303123247.0
008 230213|1969 xo |||||||||||||||||ger|
015 |a SNBRB 
035 |a (urnnbn)urn:nbn:sk:snk:ar-0031p9 
035 |a (uuid)0584d042-5ec2-4a06-8fac-f4f7e2074b97 
035 |a urn:nbn:sk:snk-abcg76 
040 |a SNKBUCL  |b slo  |c SNKBUCL  |e AACR2 
041 0 |a ger 
044 |a xo  |c SK 
100 1 |a Paulech, Cyprián,  |d 1929-  |4 aut  |9 37123 
245 1 0 |a EINFLUß DES GETREIDEMEHLTAUPILZES ERYSIPHE GRAMINIS DC. AUF DIE TROCKENSUBSTANZMENGE UND AUF DAS WACHSTUM DER VEGETATIVEN PFLANZENORGANE  |c Cyprián Paulech 
773 0 |t Biológia : časopis Slovenskej akadémie vied  |g Roč. 24, č. 10 (1969), s. 709-719 
954 |a odborná, vedecká literatúra pôvodná (slovenská)  |2 lita 
958 |a OND 
958 |a EUIPO 
958 |a article16 
999 |c 1924621  |d 1926551